| 000 | 00717cam a22002651 4500 | ||
|---|---|---|---|
| 001 | 751185 | ||
| 003 | OSt | ||
| 005 | 20211213103954.0 | ||
| 008 | 751006s1964 nyua b 000 0 eng | ||
| 010 | _a 63020995 | ||
| 020 | _a9780074630068 | ||
| 038 | _akhadija | ||
| 040 |
_aDLC _cWa _dDLC |
||
| 050 | 0 | 0 |
_aTN690 _b.A86 |
| 082 | 0 | 0 |
_a669.9 _bAVN |
| 100 | 1 |
_aAvner, Sidney H. _986458 |
|
| 245 | 1 | 0 | _aIntroduction to physical metallurgy. |
| 260 |
_aNew York, _bMcGraw-Hill _c[2010] |
||
| 300 |
_avii, 536 p. _billus., tables. _c23 cm. |
||
| 504 | _aIncludes bibliographies. | ||
| 563 | _aPB | ||
| 650 | 0 |
_aPhysical metallurgy. _986459 |
|
| 906 |
_a7 _bcbc _corignew _du _eocip _f19 _gy-gencatlg |
||
| 942 |
_2ddc _cBK |
||
| 999 |
_c32625 _d32625 |
||